000
00338nam a2200145Ia 4500
100
_a
Chen/ V/ Montgomery/ John
942
_c
BK
654
_a
Computer
245
_a
Hacker''''s guide to Visual basic
260
_b
Addison Wesley Pub
_a
Reading
_c
1996
082
_a
5.265
_b
che/mon
300
_a
681
546
_a
ENGLISH
999
_c
23455
_d
23455